[Event "JBLN Ost 1819"]
[Site "Germany"]
[Date "2019.01.26"]
[Round "6.4"]
[White "Purol, Jonathan"]
[Black "Koehler, Eric"]
[Result "1-0"]
[WhiteElo "1562"]
[BlackElo "1422"]
[PlyCount "25"]
[EventDate "2018.09.29"]
[EventType "team-tourn"]
[EventRounds "9"]
[EventCountry "GER"]
[SourceTitle "CBM 189 Extra"]
[Source "ChessBase"]
[SourceDate "2019.06.03"]
[SourceVersion "1"]
[SourceVersionDate "2019.06.03"]
[SourceQuality "1"]
[WhiteTeam "Weisse Dame"]
[BlackTeam "Falkensee Caissa"]
[WhiteTeamCountry "GER"]
[BlackTeamCountry "GER"]

1. d4 d6 2. c4 Nf6 3. Nf3 Bg4 4. Nc3 Nbd7 5. e4 c5 6. d5 Qa5 7. Bd2 Ne5 8. Nb5 Bxf3 9. gxf3 Qb6 10. f4 Ng6 11. Bh3 Nxe4 12. Qa4 Kd8 13. Ba5 1-0